| 000 | 00850nas a2200289 4500 | ||
|---|---|---|---|
| 001 | BR0100028 | ||
| 003 | BR-BrBNA | ||
| 005 | 20231205102007.0 | ||
| 007 | ta | ||
| 008 | 230509b bl.|||p| |||| 00| 00por d | ||
| 040 |
_aBR-BrBNA _bpor _cBiblioteca Nacional de Agricultura |
||
| 041 | _a(Pt) | ||
| 072 | _aL73 | ||
| 100 | 1 | _aMelo, C.B. | |
| 100 | 1 | _aOliveira, A.M. | |
| 100 | 1 | _aAzevedo, E.O. | |
| 100 | 1 | _aLobato, Z.I.P. | |
| 100 | 1 | _aLeite, R.C. | |
| 245 | 1 | _aAnticorpos contra o virus da lingua azul em bovinos do sertao da Paraiba | |
| 650 | _aBovino | ||
| 650 | _aVirus | ||
| 650 | _aLingua Azul | ||
| 650 | _aAnticorpo | ||
| 773 | 0 |
_tArquivo Brasileiro de Medicina Veterinaria e Zootecnia (Brazil) _xISSN 0102-0935 _g(Feb 2000), v. 52(1) p. 19-20 _wBR0100028 |
|
| 909 |
_a202311 _bLúcia _c55 _dLúcia Elande |
||
| 942 |
_2AGRIS _n0 _cANA |
||
| 999 |
_c165143 _d165143 |
||